| 000 | 01252cam a22002054a 4500 | ||
|---|---|---|---|
| 005 | 20250605164219.0 | ||
| 008 | 250528s ||||||||||||||||||||||||d | ||
| 035 | _a20581 | ||
| 020 | _a631176896 | ||
| 040 |
_aGR-AtMCL _bgre _dGR-AtMCL _eAACR2 |
||
| 245 | 1 | _aReal World Research / A Resource for Social Scientists and Practitioner - Researchers | |
| 250 | _a1st | ||
| 260 |
_bBlackwell, _c1993 |
||
| 300 | _a510 | ||
| 520 | _aThis book is the first to give advice and support in the carrying out of such real world research. Preface, Acknowledgements, Before You Start, Real World Enquiry, Developing a Proposal, Designing the Enquiry, General Design Issues, Experimental Design Outside the Laboratory, Designing Small Surveys, Designing Case Studies, Designing Evaluations, Tactics - the Methods of Data Collection, Observational Methods, Interviews and Questionnaires, Unobtrusive Measures and Other Approaches, Dealing with the Data, The Analysis of Quantitative Data, The Analysis of Qualitative Data, Making an Impact, Reporting on the Enquiry, Intervention and Change, Researchers and Practitioners, Appendix, References, Author and Subject Index. | ||
| 700 | 1 |
_aRobson Colin _96551 |
|
| 942 | _cBK | ||
| 999 |
_c5672 _d5672 |
||